<?xml version="1.0" encoding="UTF-8"?>
<record
    xmlns:xsi="http://www.w3.org/2001/XMLSchema-instance"
    xsi:schemaLocation="http://www.loc.gov/MARC21/slim http://www.loc.gov/standards/marcxml/schema/MARC21slim.xsd"
    xmlns="http://www.loc.gov/MARC21/slim">

  <leader>01283nam a22001937a 4500</leader>
  <datafield tag="999" ind1=" " ind2=" ">
    <subfield code="c">36092</subfield>
    <subfield code="d">36092</subfield>
  </datafield>
  <controlfield tag="003">OSt</controlfield>
  <controlfield tag="005">20230613101651.0</controlfield>
  <controlfield tag="008">230613b           ||||| |||| 00| 0 spa d</controlfield>
  <datafield tag="040" ind1=" " ind2=" ">
    <subfield code="c">Museo de la Comunicaci&#xF3;n Regional</subfield>
  </datafield>
  <datafield tag="100" ind1=" " ind2=" ">
    <subfield code="4">Luis Bu&#xF1;uel</subfield>
  </datafield>
  <datafield tag="245" ind1=" " ind2=" ">
    <subfield code="a">Belle de Jour</subfield>
  </datafield>
  <datafield tag="260" ind1=" " ind2=" ">
    <subfield code="a">Francia-Espa&#xF1;a</subfield>
    <subfield code="b">Robert et Raymond, Hakim Paris Film, Productions Five Film</subfield>
    <subfield code="c">1967</subfield>
  </datafield>
  <datafield tag="300" ind1=" " ind2=" ">
    <subfield code="a">VHS</subfield>
  </datafield>
  <datafield tag="306" ind1=" " ind2=" ">
    <subfield code="a">100 minutos</subfield>
  </datafield>
  <datafield tag="440" ind1=" " ind2=" ">
    <subfield code="n">Videoteca pagina 30 nro. 59</subfield>
  </datafield>
  <datafield tag="500" ind1=" " ind2=" ">
    <subfield code="a">Belle de jour es una pel&#xED;cula francesa de 1967 dirigida por el hispano-mexicano Luis Bu&#xF1;uel,&#x200B; basada en la novela hom&#xF3;nima del argentino -franc&#xE9;s Joseph Kessel.&#x200B; &#xAB;Belle de nuit&#xBB; en franc&#xE9;s es una expresi&#xF3;n eufem&#xED;stica para referirse a una prostituta en un lenguaje pol&#xED;ticamente correcto. Tambi&#xE9;n, &#xAB;belle de jour&#xBB; es el nombre de una planta, el dondiego de d&#xED;a, cuyas flores solo se abren de d&#xED;a: Kessel juega con los significados de esas palabras.

Esc&#xE9;ptico sobre las posibilidades cinematogr&#xE1;ficas de la novela, Luis Bu&#xF1;uel acept&#xF3; llevarla a la gran pantalla con la condici&#xF3;n de que se le dejara entera libertad para realizar la adaptaci&#xF3;n. Gan&#xF3; un Le&#xF3;n de Oro en el Festival de Venecia de 1967</subfield>
  </datafield>
  <datafield tag="600" ind1=" " ind2=" ">
    <subfield code="2">Catherine Deneuve, Jean Sorel, Michel Piccoli</subfield>
  </datafield>
  <datafield tag="942" ind1=" " ind2=" ">
    <subfield code="2">ddc</subfield>
    <subfield code="c">JRR</subfield>
  </datafield>
</record>
